000 00374nam a2200157Ia 4500
003 0STCL
008 150530s9999 xx 000 0 und d
040 _aSTCL
_cSTCL
100 _aAshton, T.S.
245 _aIndustrial revolution 1760-1830
260 _bOxford University press
_c1960
546 _aEnglish
942 _2ddc
_cBK
999 _c13033
_d13033
005 20220125165635.0